ਪੰਜਾਬ ਸਰਕਾਰ ਦੇ ਕਰਮਚਾਰੀਆਂ ਦੀ ਗਣਨਾ ਬਾਬਤ ਰਿਪੋਰਟ (Record no. 104808)

MARC details
000 -LEADER
fixed length control field 00669nam a2200217Ia 4500
003 - CONTROL NUMBER IDENTIFIER
control field OSt
005 - DATE AND TIME OF LATEST TRANSACTION
control field 20220916111048.0
008 - FIXED-LENGTH DATA ELEMENTS--GENERAL INFORMATION
fixed length control field Pun
037 ## - SOURCE OF ACQUISITION
Terms of availability Textbook
040 ## - CATALOGING SOURCE
Language of cataloging Pun
Original cataloging agency ARTS
Transcribing agency ARTS
041 ## - LANGUAGE CODE
Language code of text/sound track or separate title Pun
245 #0 - TITLE STATEMENT
Title ਪੰਜਾਬ ਸਰਕਾਰ ਦੇ ਕਰਮਚਾਰੀਆਂ ਦੀ ਗਣਨਾ ਬਾਬਤ ਰਿਪੋਰਟ
260 ## - PUBLICATION, DISTRIBUTION, ETC.
Place of publication, distribution, etc. ਚੰਡੀਗੜਸ਼
Name of publisher, distributor, etc. ਆਰਥਿਕ ਸਲਾਹਕਾਰ ਪੰਜਾਬ ਸਰਕਾਰ
Date of publication, distribution, etc. 1981
300 ## - PHYSICAL DESCRIPTION
Extent 85ਪੰ
Dimensions cm.
942 ## - ADDED ENTRY ELEMENTS (KOHA)
Classification part Y:5.243, 153M1
Koha item type Textbook
Source of classification or shelving scheme Colon Classification (CC)
Holdings
Withdrawn status Lost status Damaged status Not for loan Home library Current library Date acquired Total Checkouts Full call number Barcode Date last seen Price effective from Koha item type
        Arts Library Arts Library 2022-09-16   Y:5.243 153M1 AL0825230 2022-09-16 2022-09-16 Textbook
Copyright @ Delhi University Library System